Writers in politics : essays / (Record no. 801)

000 -LEADER
fixed length control field 00936cam a2200313 a 4500
001 - CONTROL NUMBER
control field 1377291
003 - CONTROL NUMBER IDENTIFIER
control field OSt
005 - DATE AND TIME OF LATEST TRANSACTION
control field 20140116120838.0
008 - FIXED-LENGTH DATA ELEMENTS--GENERAL INFORMATION
fixed length control field 830725s1981 enk b 001 0 eng
010 ## - LIBRARY OF CONGRESS CONTROL NUMBER
LC control number 81152224
015 ## - NATIONAL BIBLIOGRAPHY NUMBER
National bibliography number GB***
020 ## - INTERNATIONAL STANDARD BOOK NUMBER
International Standard Book Number 043591751X
040 ## - CATALOGING SOURCE
Original cataloging agency DLC
Transcribing agency DLC
Modifying agency DLC
050 00 - LIBRARY OF CONGRESS CALL NUMBER
Classification number DT433.54.N48 1981
100 0# - MAIN ENTRY--PERSONAL NAME
Personal name Ngugi wa Thiongo,
Dates associated with a name 1938-
245 10 - TITLE STATEMENT
Title Writers in politics : essays /
Statement of responsibility, etc Ngugi wa Thiongo.
260 ## - PUBLICATION, DISTRIBUTION, ETC. (IMPRINT)
Place of publication, distribution, etc Nairobi :
Name of publisher, distributor, etc East African Educational publishers,
Date of publication, distribution, etc 1981.
300 ## - PHYSICAL DESCRIPTION
Extent 142 p.
440 #0 - SERIES STATEMENT/ADDED ENTRY--TITLE
Title Studies in African literature
504 ## - BIBLIOGRAPHY, ETC. NOTE
Bibliography, etc Includes bibliographical references and index.
650 #0 - SUBJECT ADDED ENTRY--TOPICAL TERM
Topical term or geographic name as entry element Blacks
General subdivision Race identity.
650 #0 - SUBJECT ADDED ENTRY--TOPICAL TERM
Topical term or geographic name as entry element Racism in literature.
650 #0 - SUBJECT ADDED ENTRY--TOPICAL TERM
Topical term or geographic name as entry element Politics in literature.
651 #0 - SUBJECT ADDED ENTRY--GEOGRAPHIC NAME
Geographic name Kenya
General subdivision Intellectual life.
651 #0 - SUBJECT ADDED ENTRY--GEOGRAPHIC NAME
Geographic name Africa
General subdivision Intellectual life.
651 #0 - SUBJECT ADDED ENTRY--GEOGRAPHIC NAME
Geographic name Kenya
General subdivision Colonial influence.
651 #0 - SUBJECT ADDED ENTRY--GEOGRAPHIC NAME
Geographic name Africa
General subdivision Colonial influence.
942 ## - ADDED ENTRY ELEMENTS (KOHA)
Source of classification or shelving scheme
Koha item type Book
Holdings
Withdrawn status Lost status Source of classification or shelving scheme Damaged status Not for loan Home library Current library Date acquired Source of acquisition Total Checkouts Full call number Barcode Date last seen Copy number Price effective from Koha item type Date checked out
          Riara University Library Riara University Library 10/11/2011 Purchase   DT433.54.N48 1981 2961/11 10/11/2011 C.1 10/11/2011 Book  
          Riara University Library Riara University Library 10/11/2011 Purchase 2 DT433.54.N48 1981 2962/11 21/03/2017 C.2 10/11/2011 Book 17/03/2017
          Riara University Library Riara University Library 10/11/2011 Purchase   DT433.54.N48 1981 2960/11 10/11/2011 C.3 10/11/2011 Book  

Riara University Library,
P.O. Box 49940-00100,
Nairobi, Kenya.